| 000 | 00630nam a2200217 a 4500 | ||
|---|---|---|---|
| 001 | BRCA_8064 | ||
| 005 | 20190320210121.0 | ||
| 008 | 010414s--------mx-a###f##---#000-0#spa-# | ||
| 041 | _aspa | ||
| 044 | _amx | ||
| 050 | 4 |
_aTX725 _b.C663 |
|
| 245 | 1 | 0 |
_aAntiguas recetas de la cocina poblana _cRecopilación de María de los Ángeles de las Vilas. |
| 260 | _aMéxico | ||
| 300 |
_a15 p. _bil. _c22 Ccm. |
||
| 500 | _aY80 | ||
| 650 | 1 | 4 |
_aCocina poblana _zMéxico _920035 |
| 650 | 1 | 4 |
_aRecetas antiguas _zPuebla (México) _920036 |
| 700 | 1 |
_aVilas, María de los Ángeles de las _erecop. _920037 |
|
| 902 | _aGFM | ||
| 942 |
_2lcc _cB |
||
| 999 |
_c7732 _d7732 |
||